Loading...

The Age of Sustainable Development

Bibliographic Details
Main Author: Sachs, Jeffrey D
Format: Printed Book
Published: Columbia university Press 2015
Subjects:
LEADER 00516nam a2200193 4500
020
082 |a 338.927 SAC 
100 |a Sachs, Jeffrey D 
245 |a The Age of Sustainable Development 
250
260 |a Columbia university Press  |c 2015 
300
490
500
590
650 |a Sustainable development-- Environmental aspects 
942 |c BK 
999 |c 117282  |d 117282 
952 |0 0  |1 0  |4 0  |6 338_927000000000000_SAC  |7 0  |9 130749  |a ECN  |b ECN  |l 0  |o 338.927 SAC  |p ECN14308  |r 2019-09-25  |w 2019-09-25  |y BK